The Practical Architect's Ready Assistant (Record no. 113973)
[ view plain ]
| 000 -LEADER | |
|---|---|
| fixed length control field | 00745cam a22001815a 4500 |
| 001 - CONTROL NUMBER | |
| control field | L156006 |
| 008 - FIXED-LENGTH DATA ELEMENTS--GENERAL INFORMATION | |
| fixed length control field | 120424s1819 xxk f 000 0 eng d |
| 035 ## - SYSTEM CONTROL NUMBER | |
| System control number | (Sirsi) u156006 |
| 041 0# - LANGUAGE CODE | |
| Language code of text/sound track or separate title | eng |
| 100 1# - MAIN ENTRY--PERSONAL NAME | |
| Personal name | Stitt, William |
| 245 04 - TITLE STATEMENT | |
| Title | The Practical Architect's Ready Assistant |
| Remainder of title | or, Builder's complete companion: exhibiting in a comprehensive form the standard prices, and the various trades connected with it ... Also, The Timber Merchant's Assistant ... Embellished with ... engravings. |
| 260 ## - PUBLICATION, DISTRIBUTION, ETC. | |
| Place of publication, distribution, etc. | Dublin |
| Name of publisher, distributor, etc. | Printed for the Author, by James Charles |
| Date of publication, distribution, etc. | 1819 |
| 300 ## - PHYSICAL DESCRIPTION | |
| Extent | 358 p. |
| Dimensions | 8o |
| 583 ## - ACTION NOTE | |
| Action | Condition reviewed |
| Time/date of action | 20120620 |
| Status | condition level 2 |
| 651 #4 - SUBJECT ADDED ENTRY--GEOGRAPHIC NAME | |
| Geographic name | Great Britain |
| Chronological subdivision | 1707- |
| 690 ## - LOCAL SUBJECT ADDED ENTRY--TOPICAL TERM (OCLC, RLIN) | |
| Topical term or geographic name as entry element | Construction management |
| 9 (RLIN) | 6230 |
| 942 ## - ADDED ENTRY ELEMENTS (KOHA) | |
| Suppress in OPAC | 0 |
| Withdrawn status | Lost status | Source of classification or shelving scheme | Damaged status | Not for loan | Home library | Current library | Shelving location | Date acquired | Total Checkouts | Full call number | Barcode | Date last seen | Copy number | Price effective from | Koha item type |
|---|---|---|---|---|---|---|---|---|---|---|---|---|---|---|---|
| Dewey Decimal Classification | Historic collection | Historic collection | Historic collection | 24/04/2012 | QUARTO 1819 STITT | 30077943 | 06/08/2019 | 1 | 06/08/2019 | Book |